| 000 | 01281cam a22002653a 4500 | ||
|---|---|---|---|
| 001 | 3319 | ||
| 003 | PGUSA | ||
| 005 | 20140828083030.0 | ||
| 008 | 020701s2002||||xxu|||||s|||||000 | eng d | ||
| 040 |
_aPGUSA _beng |
||
| 042 | _adc | ||
| 050 | 4 | _aPN | |
| 100 | 1 |
_aLang, Andrew, _d1844-1912 |
|
| 245 | 1 | 0 |
_aLetters to Dead Authors _h[electronic resource] / _cAndrew Lang |
| 260 |
_bProject Gutenberg, _c2002 |
||
| 505 | 0 | _aTo W. M. Thackeray -- To Charles Dickens -- To Pierre de Ronsard -- To Herodotus -- Epistle to Mr. Alexander Pope -- To Lucian of Samosata -- To Maitre Francoys Rabelais -- To Jane Austen -- To Master Isaak Walton -- To M. Chapelain -- To Sir John Manndeville, kt. -- To Alexandre Dumas -- To Theocritus -- To Edgar Allan Poe -- To Sir Walter Scott, bart. -- To Eusebius of Caesarea -- To Percy Bysshe Shelley -- To Monsieur de Molière, valet de chambre du roi -- To Robert Burns -- To Lord Byron -- To Omar Khayyám -- To Q. Horatius Flaccus. | |
| 506 | _aPublic domain in the USA. | ||
| 516 | _aElectronic text | ||
| 653 | _aLiterature -- History and criticism | ||
| 653 | _aAuthors, English -- Biography | ||
| 653 | _aAuthors -- Biography | ||
| 830 | 0 |
_aProject Gutenberg _v3319 |
|
| 856 | 4 | 0 | _uhttp://www.gutenberg.org/ebooks/3319 |
| 942 | _cEB | ||
| 999 |
_c232648 _d232648 |
||